| Registos Bibliográficos associados ao registo de autoridade |
|
Etiqueta de registo: 00000nam 2200025 450 001 2133077 003 http://id.bnportugal.gov.pt/bib/catbnp/2133077 010 ## $a978-989-53292-6-7 021 ## $aPT$b504538/22 100 ## $a20230529d2022 c y0pory01030103ba 101 0# $apor$aeng 102 ## $aPT 105 ## $aa z 000fy 106 ## $ar 200 1# $aMúsica, maestro!$fTerry Costa$gil. Sara Baptista, Ivo Baptista Aka 47$zeng 205 ## $a1ª ed 210 #9 $a[S.l.]$cNéveda Ent$cMiratecArts,$d2022 215 ## $a[40] p.$cmuito il.$d33 cm 305 ## $aEd. bilingue em português e inglês 675 ## $a087.5$vBN$zpor$3287999 675 ## $a821.111(71)-93"20"$vBN$zpor$31266557 700 #1 $aCosta,$bTerry,$f1974-$31801800 702 #0 $aIvo Baptista Aka 47,$cpseud.$31883764 702 #1 $92$aBaptista,$bSara$4440$31883525 801 #0 $aPT$bBN$gRPC 856 41 $uhttp://rnod.bnportugal.gov.pt/ImagesBN/winlibimg.aspx?skey=&doc=2133077&img=179406&save=true 900 ## $aBIBNAC$d20230619 966 ## $lBN$mFGMON$sP. 5448 A.$x1 966 ## $lBN$mFGMON$sP. 5448 A.-D $x1 971 ## $carosa$d20230529 972 ## $e0$z0$d20230619$vasantos 973 ## $cigoulao$d20230602
Etiqueta de registo: 00254nam 2200025 450 001 2284582 003 http://id.bnportugal.gov.pt/bib/catbnp/2284582 021 ## $aPT$b555285/25 100 ## $a20260416d2025 m y0pory01030103ba 101 0# $apor 102 ## $aPT 105 ## $aa z 000yy 106 ## $ar 200 1# $aCena Pop 2024$fcoord. Tiago Melo Bento, Tiago de Faria$gtextos Tiago de Faria... [et al.]$gfot. Tiago Melo Bento... [et al.]$gil. Alexandra Baptista, Ivo Baptista 210 #9 $aPonta Delgada$cCorredor Associação Cultural,$d2025 215 ## $a1 v.$cil.$d23 cm 702 #1 $aBento,$bTiago Melo$4340$31483142 702 #1 $aFaria,$bTiago$4340$31344285 702 #1 $aBaptista,$bAlexandra$4440$31924462 702 #0 $aIvo Baptista Aka 47,$cpseud.$4440$31883764 801 #0 $aPT$bBN$gRPC 966 ## $lBN$mFGMON$x1 971 ## $ccsilva$d20260416
|
|
|